Gaz à effet de serre - Statistiques

Statistiques générales
  • Ce quiz a été pris 33 fois
  • Le résultat moyen est 3 sur 7
Statistiques - réponses
Symbole Nom PRG 100 ans % Correct
CO2 Dioxyde de carbone 1
100%
CH4 Méthane 28
94%
N2O Protoxyde d'azote 273
18%
SF6 Hexafluorure de soufre 25 200
12%
HFC Hydrofluorocarbures de 12 à 14 000
12%
PFC Perfluorocarbures de 6 300 à 11 100
12%
NF3 Trifluorure d’azote 17 400
6%
Aucun quiz correspondant
Distribution des résultats
% des personnes avec chaque résultat
Percentile par nombre de réponses
Votre historique - résultats
Vous n’avez pas pris ce quiz